Werder Bremen - Bundesliga-Rekordtorschützen (TOP 50) - Statistiken

Allgemein
  • Dieses Quiz wurde 276 mal gespielt
    210 seit der letzten Aktualisierung
  • Das Durchschnittsergebnis liegt bei 21 aus 50
Antwortstatistiken
Platz Name Nationalität Geburtstag Spiele Tore % Korrekt
1 Claudio Pizarro Peru/Italien 03.10.1978 250 109
99%
5 Aílton Brasilien 19.07.1973 169 88
93%
14 Miroslav Klose Deutschland 09.06.1978 89 53
83%
22 Diego Brasilien/Italien 28.02.1985 84 38
80%
16 Ivan Klasnic Kroatien 29.01.1980 151 49
80%
32 Niclas Füllkrug Deutschland 09.02.1993 76 28
75%
19 Markus Rosenberg Schweden 27.09.1982 123 40
73%
3 Rudi Völler Deutschland 13.04.1960 137 97
73%
31 Johan Micoud Frankreich 24.07.1973 123 31
70%
10 Wynton Rufer Neuseeland 29.12.1962 174 59
70%
18 Hugo Almeida Portugal 23.05.1984 117 41
69%
2 Marco Bode Deutschland 23.07.1969 379 101
68%
12 Andreas Herzog Österreich 10.09.1968 236 57
66%
41 Milot Rashica Kosovo/Albanien 28.06.1996 87 21
65%
38 Theodor Gebre Selassie Tschechien/Äthiopien 24.12.1986 271 23
63%
40 Nelson Valdez Paraguay 28.11.1983 80 21
57%
26 Torsten Frings Deutschland 22.11.1976 326 36
55%
17 Aaron Hunt Deutschland/Engalnd 04.09.1986 215 46
53%
50 Angelos Charisteas Griechenland 09.02.1980 66 18
53%
44 Zlatko Junuzovic Österreich 26.09.1987 188 21
50%
43 Naldo Brasilien/Deutschland 10.09.1982 173 21
49%
30 Max Kruse Deutschland 19.03.1988 85 32
47%
25 Mario Basler Deutschland 18.12.1968 92 36
43%
33 Tim Borowski Deutschland/Polen 02.05.1980 210 27
42%
4 Frank Neubarth Deutschland 29.07.1962 317 97
40%
23 Karl-Heinz Riedle Deutschland 16.09.1965 86 38
39%
27 Manfred Burgsmüller Deutschland 22.12.1949 115 34
37%
7 Arnold Schütz Deutschland 19.01.1935 253 69
33%
13 Horst-Dieter Höttges Deutschland 10.09.1943 420 55
31%
9 Norbert Meier Deutschland 20.09.1958 242 66
29%
28 Bernd Hobsch Deutschland 07.05.1968 106 33
26%
8 Uwe Reinders Deutschland 19.01.1955 206 67
23%
24 Frank Ordenewitz Deutschland 25.03.1965 125 37
20%
6 Werner Görts Deutschland 15.01.1942 363 73
19%
21 Per Röntved Dänemark 27.01.1949 194 40
18%
15 Werner Weist Deutschland 11.03.1949 145 53
18%
39 Fin Bartels Deutschland 07.02.1987 120 22
17%
11 Jürgen Röber Deutschland 25.12.1953 184 57
17%
49 Bruno Labbadia Deutschland 08.02.1966 63 18
16%
42 Ole Björnmose Dänemark 07.05.1944 137 21
16%
34 Karl-Heinz Kamp Deutschland 26.09.1946 361 26
15%
45 Klaus Matischak Deutschland 24.10.1938 42 20
15%
29 Benno Möhlmann Deutschland 01.08.1954 230 33
13%
20 Gerhard Zebrowski Deutschland 25.04.1940 145 40
13%
37 Michael Kutzop Deutschland 24.03.1955 121 23
13%
47 Diethelm Ferner Deutschland 13.07.1941 188 20
12%
35 Uwe Bracht Deutschland 10.07.1953 272 24
12%
48 Herbert Laumen Deutschland 11.08.1943 60 18
11%
46 Werner Dreßel Deutschland 30.08.1958 94 20
11%
36 Bernd Rupp Deutschland 24.02.1942 58 23
10%
Keine übereinstimmenden Quizze gefunden
Verteilung der Resultate
Anzahl Personen mit jedem Resultat
Perzentil nach korrekt beantworteten Fragen
Ihre Resultats-Entwicklung
Sie haben dieses Quiz seit der letzten Aktualisierung nicht gespielt